Online katalóg knižníc regiónu Turca

Prílivy rozkoše (Record no. 22239)

MARC details
000 -LEADER
fixed length control field 01784cam a2200493 a 4500
001 - CONTROL NUMBER
control field 22239
003 - CONTROL NUMBER IDENTIFIER
control field VRT
005 - DATE AND TIME OF LATEST TRANSACTION
control field 20260323143255.0
008 - FIXED-LENGTH DATA ELEMENTS--GENERAL INFORMATION
fixed length control field 240226s2001 xo gr 000 f slo
015 ## - NATIONAL BIBLIOGRAPHY NUMBER
National bibliography number SNBA2002/07-02546
020 ## - INTERNATIONAL STANDARD BOOK NUMBER
International Standard Book Number 8055102465
Qualifying information (viazané)
035 ## - SYSTEM CONTROL NUMBER
System control number SNK000388809
035 ## - SYSTEM CONTROL NUMBER
System control number urn:nbn:sk:snk-am3iqxj
035 ## - SYSTEM CONTROL NUMBER
System control number ED8ED6F3-50BF-497A-AFA9-6D98C081CF85
035 ## - SYSTEM CONTROL NUMBER
System control number urn:nbn:sk:snk-am00feib
039 #9 - LEVEL OF BIBLIOGRAPHIC CONTROL AND CODING DETAIL [OBSOLETE]
Level of rules in bibliographic description 202406230908
Level of effort used to assign nonsubject heading access points csnk01
Level of effort used to assign subject headings 202402261917
Level of effort used to assign classification VLOAD
Level of effort used to assign subject headings 202107071203
Level of effort used to assign classification msnk123
Level of effort used to assign subject headings 202107010829
Level of effort used to assign classification VLOAD
040 ## - CATALOGING SOURCE
Original cataloging agency SNK
Language of cataloging slo
Transcribing agency SNK
Description conventions AACR2
041 1# - LANGUAGE CODE
Language code of text/sound track or separate title slo
Language code of original eng
044 ## - COUNTRY OF PUBLISHING/PRODUCING ENTITY CODE
MARC country code xo
ISO country code SK
072 #7 - SUBJECT CATEGORY CODE
Subject category code 821.111(73)-3
Subject category code subdivision Americká próza
Source konspekt
080 ## - UNIVERSAL DECIMAL CLASSIFICATION NUMBER
Universal Decimal Classification number 820 (73)-3
Edition identifier 1981
080 ## - UNIVERSAL DECIMAL CLASSIFICATION NUMBER
Universal Decimal Classification number 821.111(73)-31
Edition identifier 2011
080 ## - UNIVERSAL DECIMAL CLASSIFICATION NUMBER
Universal Decimal Classification number (0:82-312.5)
Edition identifier 2011
100 1# - MAIN ENTRY--PERSONAL NAME
Personal name Brown, Sandra,
Dates associated with a name 1948-
Relationship aut
240 10 - UNIFORM TITLE
Uniform title Tidings of great joy
Language of a work Slovensky
245 10 - TITLE STATEMENT
Title Prílivy rozkoše
Statement of responsibility, etc. Sandra Brownová ; z anglického originálu Tidings of great joy ... preložila Erika Mináriková
260 ## - PUBLICATION, DISTRIBUTION, ETC.
Place of publication, distribution, etc. Bratislava
Name of publisher, distributor, etc. Ikar
Date of publication, distribution, etc. 2001
300 ## - PHYSICAL DESCRIPTION
Extent 151 strán
Dimensions 21 cm
500 ## - GENERAL NOTE
General note Vydané pre Media klub
655 #7 - INDEX TERM--GENRE/FORM
Genre/form data or focus term ľúbostné romány
Source of term SNKPH
655 #7 - INDEX TERM--GENRE/FORM
Genre/form data or focus term americké romány
Source of term SNKPH
700 1# - ADDED ENTRY--PERSONAL NAME
Personal name Mináriková, Erika,
Dates associated with a name 1954-
Relationship trl
710 2# - ADDED ENTRY--CORPORATE NAME
Corporate name or jurisdiction name as entry element Media klub
Relationship pbl
942 ## - ADDED ENTRY ELEMENTS (KOHA)
Source of classification or shelving scheme Dewey Decimal Classification
Koha item type Krásna literatúra pre dospelých
Suppress in OPAC No
949 ## - LOCAL PROCESSING INFORMATION (OCLC)
6 270001000138303
a svkbbA 105304
b svkbbm 643149
p 643.149
949 ## - LOCAL PROCESSING INFORMATION (OCLC)
6 273K0120012
a svkpoA 181839
b svkpo453715
949 ## - LOCAL PROCESSING INFORMATION (OCLC)
6 4710700672
a strmkB
b strmk2008/672
949 ## - LOCAL PROCESSING INFORMATION (OCLC)
6 4710700824
a strmkB
b strmk2008/824
949 ## - LOCAL PROCESSING INFORMATION (OCLC)
6 17A0343172
a snkSC 108038
b snkKSP 5682/2002
s 6100:20201026
949 ## - LOCAL PROCESSING INFORMATION (OCLC)
6 17A0347226
a snkSC 108038 D1
b snkKSP 7028/2002
949 ## - LOCAL PROCESSING INFORMATION (OCLC)
6 2889746276
a savukPV 4653
Holdings
Stav vyradenia Strata Poškodenie Spôsob nadobudnutia Domovská knižnica Aktuálna knižnica Dátum nadobudnutia Total checkouts Čiarový kód exemplára Date last seen Typ exemplára
      Dar Obecná knižnica Horná Štubňa Obecná knižnica Horná Štubňa 23.03.2026   9788055102467 23.03.2026 Krásna literatúra pre dospelých
      Dar Obecná knižnica Turčianska Štiavnička Obecná knižnica Turčianska Štiavnička 29.04.2026   4738001052 29.04.2026 Krásna literatúra pre dospelých
Projekt je podporený Slovenskou asociáciou knižníc
Prevádzkuje Turčianska knižnica Martin 2026